Представление документа в формате RUSMARC

ПолеНазваниеЗначение
  Тип записи a
  Библиографический уровень m
001 Контрольный номер RU/SLIB/B/208722159
005 Дата корректировки 20201206203948.8
010 Индекс ISBN __
a ISBN 5-8016-0103-1
d Цена 30-00
101 Язык документа __
a Язык текста rus
c Язык оригинала rus
200 Заглавие и сведения об ответственности 1_
a Заглавие Экономика журналистики
e Сведения, относящиеся к заглавию конспект лекций
f Первые сведения об ответственности В. В. Ворошилов
b Общее обозначение материала Текст
210 Выходные данные __
a Место издания СПб.
c Издательство Михайлов В. А.
d Дата издания 2000
215 Физическое описание __
a Объем 63 с.
225 Серия __
a Серия Высшее профессиональное образование
320 Библиография __
a Библиография Примеч.: с. 59-62. - Библиогр.: с. 62
330 Аннотация __
a Аннотация В книге рассказывается об СМИ в условиях перехода к рынку, о применении маркетинга в СМИ и социологии журналистики.
606 Тематические рубрики __
a Основная рубрика Журналистика в целом
a Основная рубрика Средства массовой информации
a Основная рубрика Экономика
a Основная рубрика Экономика культуры, науки, просвещения
610 Ключевые слова __
a Ключевые слова социология;маркетинг; рыночная экономика; лекции; журналистский кодекс; журналистская этика; журналисты; экономика журналистики
686 Индексы других классификаций __
a Классификационный индекс 65.497.6
686 Индексы других классификаций __
a Классификационный индекс 76.01
700 Автор _1
a Фамилия Ворошилов
b Имя В. В.
4 Код отношения 070
801 Источник записи _0
a Страна RU
b Организация Муниципальное бюджетное учреждение культуры "Централизованная библиотечная система" г. Сургут (Центральная городская библиотека им. А. С. Пушкина)
g Правила каталогизации КиК/Тесленко
801 Источник записи _1
a Страна RU
b Организация Муниципальное бюджетное учреждение культуры "Централизованная библиотечная система" г. Сургут (Центральная городская библиотека им. А. С. Пушкина)
g Правила каталогизации КиК/Тесленко
852 Данные о местонахождении __
j Шифр хранения 65.497.6
c Каталожный индекс 65.497; 76.01
i Авторский знак В 75
p Инвентарный номер Б/Н
901 Тип документа __
t Тип документа m
903 Характеристики (МАРС) __
a Дата передачи 20011123
990 Данные о заказе (DOS) __
h N записи в КСУ для Б/У (DOS) 200111
j Количество экземпляров (DOS) 1